Úroveň služobných ciest - vizitka firmy Luxus nahradzuje komfort a šetriť sa bude aj naďalej

Služobné a obchodné cesty, ich úroveň, kontrola výdavkov. Pracovné cesty - dôležitá súčasť pracovnej klímy a určitá vizitka tej-ktorej firmy. Krátenie položiek na služobné cesty, úsporné opatrenia v jednotlivých firmách a krajinách západnej Európy.

Salvato in:
Dettagli Bibliografici
Autore principale: Krištofičová, Katarína
Natura: Capitolo di libro
Lingua:slovacco
Soggetti:
Tags: Aggiungi Tag
Nessun Tag, puoi essere il primo ad aggiungerne!!

MARC

LEADER 00000naa a2200000 4500
001 r000545
005 20221205080409.0
041 0 |a slo 
044 |a SK 
245 1 0 |a Úroveň služobných ciest - vizitka firmy  |b Luxus nahradzuje komfort a šetriť sa bude aj naďalej  |c Katarína Krištofičová 
520 |a Služobné a obchodné cesty, ich úroveň, kontrola výdavkov. Pracovné cesty - dôležitá súčasť pracovnej klímy a určitá vizitka tej-ktorej firmy. Krátenie položiek na služobné cesty, úsporné opatrenia v jednotlivých firmách a krajinách západnej Európy. 
610 2 0 |a cesty pracovné 
610 2 0 |a firmy 
610 2 0 |a Švajčiarsko 
610 2 0 |a západná Európa 
100 1 |a Krištofičová, Katarína